Gemeenten van Zuid-Holland met kaart - Statistieken

Algemene statistieken
  • Deze quiz is 2.825 keer genomen
  • De gemiddelde score is 26 van 52
Antwoorden op de kaart
Antwoorden kleurgecodeerd door een groen-rode schaal op de quizkaart volgens % correct hieronder.
 
Antwoordstatistieken
Antwoord % Correct
Rotterdam
97%
's-Gravenhage
95%
Leiden
87%
Delft
81%
Gouda
81%
Dordrecht
80%
Katwijk
72%
Schiedam
67%
Zoetermeer
66%
Alphen aan den Rijn
64%
Noordwijk
64%
Goeree-Overflakkee
60%
Wassenaar
60%
Westland
60%
Capelle aan den IJssel
55%
Vlaardingen
55%
Barendrecht
54%
Rijswijk
53%
Gorinchem
51%
Maassluis
51%
Zwijndrecht
51%
Krimpen aan den IJssel
50%
Leiderdorp
50%
Sliedrecht
50%
Lisse
49%
Papendrecht
48%
Alblasserdam
47%
Hoeksche Waard
46%
Hellevoetsluis
44%
Hendrik-Ido-Ambacht
44%
Ridderkerk
44%
Voorschoten
42%
Waddinxveen
41%
Brielle
39%
Hillegom
38%
Leidschendam- Voorburg
38%
Krimpenerwaard
37%
Oegstgeest
37%
Pijnacker-Nootdorp
36%
Zoeterwoude
36%
Molenlanden
35%
Hardinxveld- Giessendam
34%
Midden-Delfland
34%
Nissewaard
33%
Lansingerland
32%
Albrandswaard
31%
Zuidplas
31%
Teylingen
30%
Bodegraven-Reeuwijk
27%
Nieuwkoop
27%
Westvoorne
27%
Kaag en Braassem
26%
Geen overeenkomende quizzen gevonden
Scoreverdeling
Procent van Mensen met Elke Score
Percentiel versus Aantal Correcte Antwoorden
Uw Scoregeschiedenis
U heeft deze quiz nog niet genomen